Loading...
| Art - Painting/Sculpture | 0 | 3 | 1 | 1 | 25 | 103 | 128.00 | 0 | 0 |
| Social Science - Economics | 0 | 2 | 0 | 0 | 20 | 99 | 114.50 | 0 | 0 |
| Mythology - Greco/Roman | 0 | 2 | 0 | 1 | 20 | 119 | 130.00 | 0 | 0 |
| Art - Music/Opera | 0 | 2 | 0 | 0 | 20 | 124 | 127.00 | 0 | 0 |
| Art - Other | 0 | 1 | 0 | 0 | 10 | 128 | 128.00 | 0 | 0 |
| Literature - American any | 0 | 1 | 0 | 0 | 10 | 35 | 35.00 | 1 | 1 |
| Literature - American drama | 0 | 1 | 0 | 1 | 10 | 119 | 119.00 | 0 | 1 |
| Literature - American poetry | 0 | 1 | 0 | 0 | 10 | 113 | 113.00 | 0 | 1 |
| Literature - British drama | 0 | 1 | 0 | 1 | 10 | 141 | 141.00 | 0 | 0 |
| Science - Physics | 0 | 1 | 0 | 0 | 10 | 131 | 131.00 | 0 | 0 |
| Philosophy - Medieval | 0 | 1 | 0 | 1 | 10 | 122 | 122.00 | 0 | 0 |
| Art - Visual | 0 | 1 | 0 | 0 | 10 | 136 | 136.00 | 0 | 0 |
| Religion - Islam | 0 | 1 | 0 | 0 | 10 | 146 | 146.00 | 0 | 0 |
| Science - Chemistry | 0 | 1 | 0 | 0 | 10 | 143 | 143.00 | 0 | 0 |
| Science - Earth | 0 | 1 | 0 | 1 | 10 | 135 | 135.00 | 0 | 0 |
| History - European | 0 | 0 | 0 | 0 | 0 | 0.00 | 0 | 0 | |
| Religion - Hinduism | 0 | 0 | 1 | 0 | -5 | 0.00 | 0 | 0 | |
| Science - Other | 0 | 0 | 2 | 0 | -10 | 0.00 | 0 | 0 |